00560nam a2200193 a 4500001001300000003000900013005001700022008004100039020001000080082002100090100002900111245003600140260005000176300001000226500003500236505003900271650002700310700002900337nice12345678IN_TiNIC20260116011424.0050524s1938 laha grd 000 0 ara  ac10000a492.7391439bVER aVertebot, William Tomson aMuajamul Arabic-Urdu Dictionary aLahorebPunjab Advisory Board for Booksc1938 a1227p aincludes index and biblioraphy2 apages in Vol start from 361 to 920 aDictionary-Arabic Urdu1 aVertebot, William Tomson